| 000 | 00655nam a2200241Ia 4500 | ||
|---|---|---|---|
| 003 | OSt | ||
| 005 | 20220926034746.0 | ||
| 006 | a|||||r|||| 00| 0 | ||
| 007 | ta | ||
| 008 | 220923b |||||||| |||| 00| 0 eng d | ||
| 037 | _cGeneral Book | ||
| 040 |
_aRTL _cRTL _beng |
||
| 041 |
_2eng _aeng |
||
| 082 | _aX:8FK, M0 | ||
| 100 |
_aHoughton Diane _9341119 |
||
| 245 | 0 | _aStudents accounting vocabulary | |
| 260 |
_aWestmead _bGower _c1960 |
||
| 300 |
_ax, 268p. _ccm. |
||
| 650 | _aBudgeting | ||
| 700 |
_a Wallce Ralph G _9341120 |
||
| 942 |
_hX:8FK, M0 _cGB _2CC |
||
| 999 |
_c660332 _d660332 |
||